Từ điển thuật ngữ lịch sử phổ thông /
Gespeichert in:
| Weitere Verfasser: | |
|---|---|
| Format: | Sách giấy |
| Sprache: | Vietnamese |
| Veröffentlicht: |
H. :
Đại học Quốc gia Hà Nội,
2000
|
| Schlagworte: | |
| Tags: |
Tag hinzufügen
Keine Tags, Fügen Sie den ersten Tag hinzu!
|
| Thư viện lưu trữ: | Thư viện Trường Đại học Đà Lạt |
|---|
| LEADER | 00755nam a2200289 4500 | ||
|---|---|---|---|
| 001 | DLU030021103 | ||
| 003 | ##DLU | ||
| 005 | ##20021230 | ||
| 008 | ##021230t vn z000 vie d | ||
| 040 | # | # | |a DLU |b vie |
| 041 | # | # | |a vie |
| 044 | # | # | |a vn |
| 082 | # | # | |a 903. |b Tud |
| 245 | # | # | |a Từ điển thuật ngữ lịch sử phổ thông / |c Phan Ngọc Liên chủ biên |
| 260 | # | # | |a H. : |b Đại học Quốc gia Hà Nội, |c 2000 |
| 300 | # | # | |a 495 tr. ; |c 21 cm |
| 650 | # | # | |a Lịch sử |v Từ điển. |
| 700 | # | # | |a Phan Ngọc Liên |e Chủ biên |
| 992 | # | # | |a 39500 |
| 994 | # | # | |a DLU |
| 900 | # | # | |a True |
| 911 | # | # | |a Phan Ngọc Đông |
| 925 | # | # | |a G |
| 926 | # | # | |a A |
| 927 | # | # | |a SH |
| 980 | # | # | |a Thư viện Trường Đại học Đà Lạt |